000 00897nmm a2200301 a 4500
003 AR-BaBNM
005 20251128211822.0
008 126020s2000 ||||||||||||||000 | spa||
020 _a987-98313-1-4
040 _cAR-BaBNM
245 1 0 _aLa educación, política de estado
260 _aCórdoba
_bEditorial Advoctus
_c2000
300 0 _a148 p.
650 4 _aPOLITICA EDUCATIVA
650 4 _aESTADO Y EDUCACION
650 4 _aDESCENTRALIZACION
650 4 _aUNIVERSIDADES
650 4 _aENSENANZA DE LAS MATEMATICAS
650 4 _aENSENANZA DEL DERECHO
650 4 _aFORMACION DE DOCENTES
651 4 _aArgentina
653 0 _aSISTEMA EDUCATIVO
710 2 _aAcademia Nacional de Educación [Buenos Aires]
710 2 _aAcademia Nacional de Derecho y Ciencias Sociales [Córdoba]
710 2 _aAcademia Nacional de Ciencias [Argentina]
942 _cBK
998 _cme-solo cat
999 _c21256
_d21256